000 00614nam a2200229Ia 4500
003 OSt
005 20220923230803.0
006 a|||||r|||| 00| 0
007 ta
008 Pun
024 _a305,520
037 _cTextual
040 _aARTS
_cARTS
_bPun
041 _2Pun
_aPun
082 _aQ8441:21:g, 153M0
100 _aਗਿਲ, ਮਹਿੰਦਰ ਕੌਰ
_9156269
245 0 _aਆਦਿ ਗ੍ਰੰਥ
_b ਲੋਕ-ਰੂਪ
260 _c1980
650 _aਧਰਮ
942 _hQ8441:21:g, 153M0
_cTEXL
_2CC
999 _c387312
_d387312